00472pab a2200157 454500008004000000100001600040245009600056260000900152300001200161362001000173650003400183650003200217650002400249650002100273773002000294180718b1998 xxu||||| |||| 00| 0 eng d aOgunu, M.A. aStrategies for effective generation and management of funds for higher education in Nigeria c1998 ap.41-44 a9 Feb aEducational finance - Nigeria aEducation, Higher - Nigeria aEducation - Nigeria aHigher education aUniversity News